| 000 | 00478nam a2200169Ia 4500 | ||
|---|---|---|---|
| 008 | 240729s9999 xx 000 0 und d | ||
| 022 | _a2239-267X | ||
| 245 | 0 | _aItalian Journal of Planning Practice | |
| 260 | _aItaly | ||
| 260 | _bPaolo Scattoni | ||
| 650 | _a Aesthetics of cities. City planning and beautifying | ||
| 650 | _a Architecture | ||
| 650 | _aFine Arts | ||
| 856 | _uhttps://doaj.org/toc/bca2b2db61c34ace8563c9bd594db068 | ||
| 942 | _2ddc | ||
| 942 | _cDOAJEJ | ||
| 999 |
_c66303 _d66303 |
||
| 945 |
_a1 _bMadushi Gamage _c1 _dMadushi Gamage |
||